000 01196nam a2200253Ia 4500
999 _c49216
_d49216
001 16128
003 GE_BSU
005 20241216162101.0
008 181216s2015||||ge |||||||||||||| ||geo||
020 _a9789941225802
040 _cGE_BSU
041 _ageo
080 _a005.95/96(075.8) გ-43
100 _aგეჩბაია, ბადრი
_918514
245 _aადამიანური რესურსების მენეჯმენტი :
_bსასწავლო მეთოდური სახ-ლო /
_cბადრი გეჩბაია, ანზორ დევაძე ; რედ. პ. აროშიძე.
264 _aთბილისი :
_bუნივერსალი,
_c2015.
300 _a275 გვ. :
_bილ.
_c20სმ.
504 _aბიბლიოგრ : გვ. 274-275
653 _aადამიანური რესურსების მართვა
653 _aადამიანური რესურსების მენეჯმენტი
700 _aდევაძე, ანზორ
_eავტორი
_94964
700 _aაროშიძე, პ.
_910745
942 _cBK
_2udc